|
|
|
|
| LEADER |
00000nam a22000007a 4500 |
| 005 |
20130114144234.0 |
| 007 |
cr|||| |||| |
| 008 |
130114c2012 sp ||||| |||| 00 |0 spa d |
| 020 |
|
|
|a 978-84-15454-23-6
|
| 035 |
|
|
|a 6964
|
| 040 |
|
|
|a vLex
|
| 090 |
|
|
|c 3508
|d 3508
|
| 100 |
1 |
0 |
|a Iglesias Garzn̤, Alberto
|
| 245 |
|
|
|a Jueces y leyes, entre el absolutismo y la codificacin̤
|h [Recurso electrn̤ico] /
|c Alberto Iglesias Garzn̤
|
| 256 |
|
|
|a Servicio en ln̕ea
|
| 260 |
|
|
|a Madrid :
|b Dykinson,
|c 2012
|
| 300 |
|
|
|a 1 Recurso electrn̤ico
|
| 650 |
0 |
4 |
|2 Teora̕ y filosofa̕ del derecho
|
| 740 |
0 |
|
|a vLex libros (Servicio en ln̕ea)
|
| 856 |
|
|
|a Acceso restringido
|u http://www.vlex.com/source/6964
|
| 942 |
|
|
|c BOOK
|
| 999 |
|
0 |
|a Legal theory
|
| 999 |
|
0 |
|a Philosophy of law
|